00782nam a22001935i 450000100060000000300090000600500170001500700030003200800410003504000200007610000310009624501340012725000970026126001070035830000400046570000400050585200210054585200220056654090ES-MaACL20250912063039.0t|960710s1887 sp ||||1| spa d aCAM bspa cCAM1 aFerri, Enrico, d1856-192914aLos nuevos horizontes del derecho y del precedimiento penal / cpor Enrico Ferri ...; versión castellana de Isidro Perez Oliva. a2ª ed. corr. y aum. con una tabla de la criminalidad en Italia y un prólogo del autor ... aMadrid : bCentro editorial de Góngora, c1887 (fEstablecimiento tipográfico de José Góngora) aXX, 413 p., [2] h. pleg. ; c22 cm.1 aPérez y Oliva, Isidro,d1864-1929 aES-MaACLjD-4590 aES-MaACLjF-10433